00597nam a22002057a 450000500170000001000110001702000100002803500110003803700160004904000120006508200150007710000260009224500820011826000340020027000410023430000280027550000420030365000230034565000230036820170124105948.0 a797415 c30.00 a797415 bCen Lib/Ret aDPLbEN a309.1bGUP aGupta, Khadija Ansari aPolitics of a small town :cby Khadija Ansari Gupta ba sociological study / aNew DelhibImpex India c1976 a2/18 Ansari RoadbNerw Delhie110002 a179p. :c21cm(Hb)bill. aIncludes bibliographical references.  a Sociology, Urban. aSocial conditions